Width tunable multiple optical pulsed source generation for optical communication system (Record no. 13629)

000 -LEADER
fixed length control field 00508nam a22001457a 4500
082 ## - DEWEY DECIMAL CLASSIFICATION NUMBER
Classification number BEE-4 MAN
100 ## - MAIN ENTRY--PERSONAL NAME
Personal name Umer Mansoor
9 (RLIN) 92914
245 ## - TITLE STATEMENT
Title Width tunable multiple optical pulsed source generation for optical communication system
260 ## - PUBLICATION, DISTRIBUTION, ETC.
Place of publication, distribution, etc. Islamabad
Name of publisher, distributor, etc. NUST-SEECS
Date of publication, distribution, etc. 2016
300 ## - PHYSICAL DESCRIPTION
Extent 63p.
Other physical details 27cm.
Accompanying material CD Includes
500 ## - GENERAL NOTE
General note Supervisors:Dr. Salman Abdul Ghaoor, Dr. Ahmed Salman
700 ## - ADDED ENTRY--PERSONAL NAME
Personal name Muhammad Hammad
9 (RLIN) 69373
856 ## - ELECTRONIC LOCATION AND ACCESS
Uniform Resource Identifier <a href="http://10.250.8.41:8080/xmlui/handle/123456789/9801">http://10.250.8.41:8080/xmlui/handle/123456789/9801</a>
942 ## - ADDED ENTRY ELEMENTS (KOHA)
Koha item type Project Report
Source of classification or shelving scheme
Holdings
Withdrawn status Lost status Source of classification or shelving scheme Damaged status Not for loan Permanent Location Current Location Shelving location Date acquired Source of acquisition Full call number Barcode Date last seen Price effective from Koha item type
WITHDRAWN         Central Library (CL) Central Library (CL) General Stacks 07/25/2016 NUST-SEECS BEE-4 MAN SEECSP01897 07/25/2016 07/25/2016 Project Report
© 2023 Central Library, National University of Sciences and Technology. All Rights Reserved.